Historias de Forbes : (Registro nro. 29946)

Detalles MARC
000 -CABECERA
Longitud fija campo de control 01186nam a2200241 a 4500
003 - • IDENTIFICADOR DELl NÚMERO DE CONTROL
Identificador del número de control CO-ViMGA
008 - • CÓDIGOS DE INFORMACIÓN DE LONGITUD FIJA
Códigos de información de longitud fija 141112s2004 ck r 000 u spa d
020 ## - • NÚMERO INTERNACIONAL NORMALIZADO PARA LIBROS
Número Internacional Normalizado para Libros (ISBN) 9580477574
040 ## - FUENTE DE LA CATALOGACIÓN
Centro catalogador de origen CO-ViMGA
Lengua de catalogación spa
Centro transcriptor CO-ViMGA
082 04 - • NÚMERO DE LA CLASIFICACIÓN DECIMAL DEWEY
Número de clasificación (R) 658.81 G767h
100 1# - • PUNTO DE ACCESO PRINCIPAL-NOMBRE DE PERSONA
Nombre de persona Gross, Daniel; Cárdenas Arroyo, Felipe Tr.
245 10 - • TITULO PROPIAMENTE DICHO
Título Historias de Forbes :
Resto del título 15 relatos de empresarios que cambiaron la manera como vivimos y hacemos negocios hoy
300 ## - • DESCRIPCIÓN FÍSICA
Extensión 270
505 ## - • NOTA DE CONTENIDO CON FORMATO
Nota de contenido con formato Johm D. Rockefeller y la corporación moderna 5 - - Chsrles Merrill y la democratización de la propiedad accionaria 71 - - Walt Disney y su imperio de entretenimiento familiar 121 - - David Ogilvy y la creación de la publicidad moderna 123 - - Américan express y la tarjeta de credito 195
590 ## - NOTAS LOCALES
Nota local Forma de adquisición : compra fact. 0860 - - Precio : 21600 - - Proveedor : Temas y libros - - Fecha de adquisición : Mayo 2007
650 14 - • PUNTO DE ACCESO ADICIONAL DE MATERIA - TÉRMINO DE MATERIA
Término de materia o nombre geográfico como elemento inicial ADMINISTRACION DE VENTAS
650 14 - • PUNTO DE ACCESO ADICIONAL DE MATERIA - TÉRMINO DE MATERIA
Término de materia o nombre geográfico como elemento inicial EMPRESARIOS - ESTUDIO DE CAMPOS
650 14 - • PUNTO DE ACCESO ADICIONAL DE MATERIA - TÉRMINO DE MATERIA
Término de materia o nombre geográfico como elemento inicial FORBES - COLECCIONES DE ESCRITOS
650 14 - • PUNTO DE ACCESO ADICIONAL DE MATERIA - TÉRMINO DE MATERIA
Término de materia o nombre geográfico como elemento inicial NEGOCIOS - ESTUDIO DE CAMPOS
942 ## - ENTRADA DE ELEMENTOS AGREGADOS (KOHA)
Fuente de clasificaión o esquema Dewey Decimal Classification
Koha [por defecto] tipo de item LIbro
Existencias
Perdido Fuente de clasificación o esquema Estado Físico No para préstamo Forma de adquisición Localización permanente Localización actual Fecha adquisición Serie de enumeración / cronolog&íacute;a Préstamos totales Signatura completa Código de barras Fecha última consulta Fecha último préstamo Número de copia Fecha del precio de reemplazo Tipo de item de Koha
  Dewey Decimal Classification     Sala Especializada Tercer Piso Biblioteca Pública Germán Arciniegas - Villavicencio Biblioteca Pública Germán Arciniegas - Villavicencio 12/04/2015 Volumen. 1 | 11/jun/2009 1 658.81 G767h 21326 02/08/2019 06/22/2017 Ej. 1 12/04/2015 LIbro









Instituto Departamental de Cultura del Meta - Red Departamental de Bibliotecas Públicas del Meta.